=LDR 00000nam 2200000 4500 =001 INLIS00000000000053 =005 20260702043538 =020 ##$$a 978-602-213-086-4 =082 ##$$a 031.113 =100 1#$$a Dhyani, Ira & Soenjowati, Ninoek =245 1 $$a Kreasi Sulam Sisir Elegan /$c Ira Dhyani & Ninoek Soenjowati =300 ##$$a 72 ; 19 x 23